000 00583cam a2200181 a 4500
020 _a9781426201011
020 _a9781426201028 ((dlx))
040 _cDLC
082 0 0 _a979 NAT 2007 A114 Or.
100 1 _aSweeney, Michael S.
245 1 0 _aLast unspoiled place :
_bUtah's Logan Canyon /
260 _aWashington, D.C. :
_bNational Geographic,
_cc2007.
300 _a189 p. :
_bill. (chiefly col.), col. maps ;
_c26 cm.
500 _aIncludes index.
710 2 _aNational Geographic Society (U.S.)
856 4 1 _uhttp://www.loc.gov/catdir/toc/ecip077/2006036713.html
942 _cEK
999 _c16725
_d16725